000 00378nam a22001577a 4500
999 _c11468
_d11468
003 OSt
008 220823b ||||| |||| 00| 0 eng d
020 _a9789390113323
082 _a658.87 PRR
100 _aPRADHAN,Swapna
245 _aRetailing Management : Text and Cases
250 _a6th
260 _aNew Delhi
_bMcGraw Hill
_c2022
300 _a555
942 _2ddc
_cBK
_01